[Event "World Blitz 2025"]
[Site "Doha QAT"]
[Date "2025.12.29"]
[Round "10.113"]
[White "Grafl, Florian"]
[Black "Damaj, Mohammed"]
[Result "0-1"]
[WhiteTitle "IM"]
[BlackTitle "CM"]
[WhiteElo "2343"]
[BlackElo "2119"]
[WhiteFideId "4645715"]
[BlackFideId "11501731"]
[EventDate "2025.12.29"]

1. Nc3 e5 2. Nf3 Nc6 3. d4 exd4 4. Nxd4 Nxd4 5. Qxd4 Nf6 6. Bg5 Be7 7. e4 d6 8.
O-O-O Be6 9. e5 dxe5 10. Qxe5 Qc8 11. Ne4 Nxe4 12. Bxe7 Kxe7 13. Qxe4 h5 14. Bc4
Rh6 15. Bxe6 Rxe6 16. Qh4+ Kf8 17. Qxh5 Kg8 18. Rd3 Qe8 19. Rhd1 Re1 20. Qa5
Rxd1+ 21. Rxd1 b6 22. Qc3 c5 23. b3 Qc6 24. f3 Qg6 25. Qd2 Re8 26. Kb2 b5 27. h3
b4 28. Qd3 Qxg2 29. f4 Qf2 30. Rf1 Qh4 31. Qf5 Re2 32. Rd1 g6 33. Qd3 Re8 34.
Qc4 Qf6+ 35. Kb1 Qf5 36. Qd3 Qxf4 37. Rf1 Qe4 38. Qb5 Re7 39. Qa6 Qe5 40. Qd3
Kg7 41. Qf3 f5 42. Qd3 Qc3 43. Qd1 Qxh3 44. Rg1 Qc3 45. Qf1 0-1

[Event "World Blitz 2025"]
[Site "Doha QAT"]
[Date "2025.12.29"]
[Round "10.114"]
[White "Anand, Tsogtbileg"]
[Black "Aziz, Husain"]
[Result "0-1"]
[WhiteTitle "CM"]
[BlackTitle "IM"]
[WhiteElo "1968"]
[BlackElo "2256"]
[WhiteFideId "4926552"]
[BlackFideId "12100293"]
[EventDate "2025.12.29"]

1. d4 d5 2. c4 e6 3. g3 Nf6 4. Bg2 dxc4 5. Qa4+ Nbd7 6. Qxc4 a6 7. Qc2 c5 8. Nf3
b5 9. Ne5 Nd5 10. Nc3 Nxe5 11. Nxd5 exd5 12. dxe5 Bb7 13. O-O Qd7 14. Rd1 d4 15.
Bxb7 Qxb7 16. e3 Rc8 17. exd4 cxd4 18. Qf5 Bc5 19. Qg4 O-O 20. Bh6 f5 21. exf6
Rxf6 22. Bg5 Rg6 23. h4 Rf8 24. h5 Rd6 25. Rd3 Qd5 26. Bf4 Rdf6 27. Re1 Qxa2 28.
Be5 R6f7 29. b4 Qxf2+ 30. Kh1 Qxe1+ 31. Kg2 0-1

[Event "World Blitz 2025"]
[Site "Doha QAT"]
[Date "2025.12.29"]
[Round "10.115"]
[White "Dinham, James"]
[Black "Petrov, Nikita"]
[Result "0-1"]
[BlackTitle "GM"]
[WhiteElo "2091"]
[BlackElo "2578"]
[WhiteFideId "14327023"]
[BlackFideId "4101286"]
[EventDate "2025.12.29"]

1. e4 e5 2. Nf3 Nc6 3. Bc4 Bc5 4. c3 Nf6 5. d3 d6 6. h3 a6 7. O-O h6 8. Be3 Bxe3
9. fxe3 Na5 10. Nbd2 O-O 11. a4 Nxc4 12. Nxc4 Be6 13. Ncd2 c5 14. a5 Qe7 15. Qe1
Kh8 16. Nh4 Rad8 17. Nf5 Bxf5 18. Rxf5 g6 19. Rf3 Kg7 20. Qf2 Nd7 21. Rf1 Nb8
22. Nc4 Nd7 23. Kh1 h5 24. Nb6 Nxb6 25. axb6 f6 26. Rg3 Kh7 27. Rf3 Kg7 28. Qh4
Rf7 29. Rg3 Kh7 30. Rgf3 Rdf8 31. g4 g5 32. Qxh5+ Kg7 33. Rxf6 Rxf6 34. Qxg5+
Kf7 35. Qh5+ Ke6 36. Rxf6+ Qxf6 0-1

[Event "World Blitz 2025"]
[Site "Doha QAT"]
[Date "2025.12.29"]
[Round "10.116"]
[White "Saraci, Nderim"]
[Black "Bodemar, Jonathan"]
[Result "1-0"]
[WhiteTitle "IM"]
[BlackTitle "CM"]
[WhiteElo "2461"]
[BlackElo "2154"]
[WhiteFideId "6351921"]
[BlackFideId "6205488"]
[EventDate "2025.12.29"]

1. d4 Nf6 2. Nf3 d5 3. Bf4 c5 4. e3 Nc6 5. c3 Qb6 6. Qb3 c4 7. Qc2 Bf5 8. Qc1 e6
9. h3 Be7 10. Nbd2 O-O 11. b3 cxb3 12. axb3 Rfc8 13. Qb2 Nb4 14. Rc1 Nd3+ 15.
Bxd3 Bxd3 16. Ne5 Ba6 17. c4 dxc4 18. Nexc4 Qb4 19. O-O Nd5 20. Bg3 b5 21. Ne5
Nc3 22. Kh2 Qa5 23. Ra1 Qb6 24. Rfc1 b4 25. Ndc4 Qb7 26. f3 f6 27. Na5 Qd5 28.
Nec4 Bb5 29. Qd2 Rd8 30. Kh1 a6 31. Nb6 Qg5 32. Bf4 Qf5 33. e4 Qh5 34. Nxa8 Rxa8
35. Nc4 h6 36. Nd6 Bxd6 37. Bxd6 Ne2 38. Rc5 Qg6 39. Rxb5 1-0

[Event "World Blitz 2025"]
[Site "Doha QAT"]
[Date "2025.12.29"]
[Round "10.117"]
[White "Medhus, Vitus Bondo"]
[Black "Anwoir, Tarik"]
[Result "0-1"]
[WhiteTitle "FM"]
[WhiteElo "2387"]
[BlackElo "2098"]
[WhiteFideId "1462547"]
[BlackFideId "9004904"]
[EventDate "2025.12.29"]

1. a3 d5 2. Nf3 c6 3. b4 a5 4. Bb2 axb4 5. axb4 Rxa1 6. Bxa1 Bf5 7. e3 e6 8. b5
Qa5 9. Bc3 Qa4 10. Nd4 Bg6 11. bxc6 bxc6 12. h4 h6 13. Qc1 Nf6 14. Qb2 Qa8 15.
Bd3 Bxd3 16. cxd3 Bd6 17. Nf3 Be7 18. Qc2 O-O 19. Bb2 c5 20. Nc3 Nc6 21. O-O Nb4
22. Qb1 Qa6 23. d4 c4 24. Ne2 Nd3 25. Bc3 Ne4 26. Ne1 Nxe1 27. Rxe1 Bxh4 28. g3
Bf6 29. Qb4 Qc8 30. Kg2 Re8 31. Ra1 Qb8 32. Qa4 h5 33. Qd7 Rd8 34. Qc6 h4 35.
Ba5 Rc8 36. Qa4 hxg3 37. Nxg3 Nxg3 38. fxg3 e5 39. dxe5 Bxe5 40. Rh1 Qa8 41. Kf2
c3 42. dxc3 d4 43. Re1 dxc3 44. Rc1 Qd5 45. Qc2 Qxa5 46. Rh1 g6 47. Rd1 Qc7 48.
g4 Bg3+ 49. Kg2 Bh4 50. Kh1 Qg3 51. e4 Qh3+ 52. Kg1 Qxg4+ 53. Kh2 Bg3+ 54. Kg2
Be5+ 55. Kf2 Qg3+ 56. Kf1 Qf3+ 57. Kg1 Kg7 58. Rd7 Rh8 59. Qg2 Qxg2+ 60. Kxg2
Rc8 61. Kf3 c2 62. Kg2 c1=Q 63. Kh3 Qe3+ 64. Kg4 Qxe4+ 65. Kh3 Rc3+ 0-1

[Event "World Blitz 2025"]
[Site "Doha QAT"]
[Date "2025.12.29"]
[Round "10.118"]
[White "Abdilkhair, Abilmansur"]
[Black "Berend, Fred"]
[Result "1-0"]
[WhiteTitle "IM"]
[BlackTitle "IM"]
[WhiteElo "2378"]
[BlackElo "2213"]
[WhiteFideId "13716417"]
[BlackFideId "4000102"]
[EventDate "2025.12.29"]

1. e4 c5 2. Nf3 e6 3. d4 cxd4 4. Nxd4 Nc6 5. Nc3 a6 6. Be3 Nf6 7. Bd3 d5 8. O-O
e5 9. Nxc6 bxc6 10. exd5 cxd5 11. Bg5 Be6 12. Qe2 Bd6 13. Bxa6 O-O 14. Bb7 Ra5
15. Rad1 d4 16. Ne4 Be7 17. Ng3 Qb8 18. Be4 Re8 19. Nf5 Bxf5 20. Bxf5 Nd5 21.
Bc1 Rxa2 22. Bxh7+ Kxh7 23. Qe4+ Kg8 24. Qxd5 Ra6 25. Rd3 Bf8 26. Qe4 Rg6 27.
Re1 f6 28. Qxg6 1-0

[Event "World Blitz 2025"]
[Site "Doha QAT"]
[Date "2025.12.29"]
[Round "10.119"]
[White "Al-Janahi, Ibrahim"]
[Black "Al Mashikhi, Salim Aliyan"]
[Result "0-1"]
[BlackTitle "FM"]
[WhiteElo "1656"]
[BlackElo "1952"]
[WhiteFideId "12102385"]
[BlackFideId "22000046"]
[EventDate "2025.12.29"]

1. d4 Nf6 2. c4 c6 3. Nc3 d5 4. cxd5 cxd5 5. Bf4 Nc6 6. e3 a6 7. Bd3 g6 8. Nf3
Bg7 9. O-O O-O 10. a3 Re8 11. Qc2 Bd7 12. Ne5 Rc8 13. Qd2 Na5 14. Bc2 Ne4 15.
Nxe4 dxe4 16. b4 Bxe5 17. dxe5 Nc4 18. Qd5 Nb6 19. Qd2 Bb5 20. Qxd8 Rexd8 21.
Rfd1 Bd3 22. Bb3 e6 23. f3 Rc3 24. Rab1 Rdc8 25. Rb2 Rc1 26. Rxc1 Rxc1+ 27. Kf2
Kg7 28. Rd2 Rc3 29. Bd1 Rxa3 30. fxe4 Bxe4 31. Rd4 Ra2+ 32. Be2 Bd5 33. Ke1 Bxg2
34. e4 Na4 35. Kf2 Nc3 36. Kxg2 Nxe2 37. Rd7 Nxf4+ 38. Kf3 Nh5 39. Rxb7 Rb2 40.
Rb6 f6 41. exf6+ Nxf6 42. Rxa6 Rxb4 43. Ra7+ Kh6 44. e5 Nd5 45. Ra6 Rb3+ 46. Ke2
Re3+ 47. Kd2 Rxe5 48. Kd3 Kg5 49. Kd4 Re1 50. Ra7 h5 51. Rf7 Nf4 52. Rf8 e5+ 53.
Kc3 e4 54. Re8 Kg4 55. Rf8 Kf3 56. h3 e3 57. Kc2 e2 58. Re8 Rf1 59. Kd2 Rd1+ 0-1

[Event "World Blitz 2025"]
[Site "Doha QAT"]
[Date "2025.12.29"]
[Round "10.120"]
[White "Fandi, Mazen"]
[Black "Dahal, Sushrut"]
[Result "1-0"]
[WhiteTitle "FM"]
[BlackTitle "CM"]
[WhiteElo "2304"]
[BlackElo "2037"]
[WhiteFideId "7611625"]
[BlackFideId "12303275"]
[EventDate "2025.12.29"]

1. e4 c5 2. Nf3 e6 3. d4 cxd4 4. Nxd4 a6 5. c4 Nf6 6. Nc3 Nc6 7. a3 Nxd4 8. Qxd4
d6 9. Be2 Be7 10. Be3 Qc7 11. O-O O-O 12. b3 Nd7 13. Qd2 Nc5 14. Rab1 Bf6 15.
Bd4 Bxd4 16. Qxd4 e5 17. Qe3 Ne6 18. Rfd1 Nd4 19. Bf1 Be6 20. a4 Rac8 21. Ne2
Nc6 22. Rd2 f5 23. exf5 Bxf5 24. Rbd1 Rf6 25. Nc3 Ne7 26. Bd3 Be6 27. Ne4 Rh6
28. Nxd6 Rf8 29. Qxe5 Nc6 30. Qe3 Bg4 31. f3 Bd7 32. c5 Nb4 33. Bc4+ Kh8 34.
Nf7+ Rxf7 35. Bxf7 Qxh2+ 36. Kf2 Qh4+ 37. Ke2 Nc2 1-0

[Event "World Blitz 2025"]
[Site "Doha QAT"]
[Date "2025.12.29"]
[Round "10.121"]
[White "Khayat, Emad"]
[Black "Alrehaili, Ahmed Abdullah S"]
[Result "0-1"]
[BlackTitle "FM"]
[WhiteElo "1927"]
[BlackElo "2106"]
[WhiteFideId "21518076"]
[BlackFideId "21518840"]
[EventDate "2025.12.29"]

1. d4 Nf6 2. Nf3 g6 3. g3 Bg7 4. Bg2 O-O 5. O-O d6 6. Nc3 Nbd7 7. e4 e5 8. Re1
c6 9. a4 a5 10. h3 Qe7 11. Be3 Rd8 12. Qd2 Nf8 13. Rad1 exd4 14. Nxd4 Ne6 15.
Kh2 h5 16. f4 Ne8 17. Nxe6 Bxe6 18. f5 Bc4 19. Qf2 Be5 20. Kh1 g5 21. Bb6 Rd7
22. Bd4 f6 23. Rd2 Nc7 24. Red1 Na6 25. Bxe5 Qxe5 26. Qd4 Qxd4 27. Rxd4 Bf7 28.
Rxd6 Rxd6 29. Rxd6 Kg7 30. Kg1 Re8 31. Kf2 Nb4 32. Rd2 Re5 33. Ne2 Bc4 34. Nd4
Kf7 35. g4 h4 36. Bf3 Rc5 37. Bd1 Ke7 38. Nf3 Bf7 39. c3 Na6 40. Nd4 Re5 41. Bc2
Nc5 42. Kf3 Nd7 43. Ne2 Nb6 44. Nd4 Nc4 45. Re2 Nxb2 0-1

[Event "World Blitz 2025"]
[Site "Doha QAT"]
[Date "2025.12.29"]
[Round "10.122"]
[White "AlJamaat, Khaled"]
[Black "Phuyal, Aashish"]
[Result "0-1"]
[WhiteElo "1719"]
[BlackElo "1955"]
[WhiteFideId "12102415"]
[BlackFideId "12312649"]
[EventDate "2025.12.29"]

1. e4 e5 2. Nf3 Nc6 3. Bc4 Be7 4. O-O Nf6 5. d3 O-O 6. a4 d6 7. c3 a6 8. Nbd2
Kh8 9. a5 Ng8 10. Re1 f5 11. Nf1 f4 12. d4 Qe8 13. dxe5 dxe5 14. Bd5 Bd6 15. b3
Nf6 16. Bc4 Bg4 17. h3 Bh5 18. N1h2 g5 19. Qc2 g4 20. hxg4 Nxg4 21. Nxg4 Bxg4
22. Nh2 Bh5 23. Be2 Rg8 24. Bxh5 Qxh5 25. Qe2 Qg6 26. f3 Bc5+ 27. Kh1 Qg3 28.
Ba3 Rg6 29. Bxc5 Rh6 30. Bg1 Rg8 31. Qf2 Rxh2+ 32. Bxh2 Qxf2 33. Rg1 Rg6 34. g3
fxg3 35. Rg2 Qxf3 36. Rd1 Qxd1+ 0-1

[Event "World Blitz 2025"]
[Site "Doha QAT"]
[Date "2025.12.29"]
[Round "10.123"]
[White "Alhassadi, Yousef A."]
[Black "Ahmad, Saif"]
[Result "1-0"]
[WhiteTitle "FM"]
[WhiteElo "2098"]
[BlackElo "1567"]
[WhiteFideId "9204725"]
[BlackFideId "12102709"]
[EventDate "2025.12.29"]

1. e4 c5 2. c3 d5 3. exd5 Qxd5 4. Nf3 Nc6 5. Na3 g6 6. d4 cxd4 7. Nb5 Qd8 8. Bf4
e5 9. Nxe5 Qe7 10. Qe2 Nf6 11. Nxc6 bxc6 12. Nc7+ Kd8 13. Nxa8 Nd5 14. Be5 f6
15. Bxd4 Bb7 16. O-O-O Bxa8 17. c4 Bh6+ 18. Kb1 1-0

[Event "World Blitz 2025"]
[Site "Doha QAT"]
[Date "2025.12.29"]
[Round "10.124"]
[White "Alkhuriji, Abdulaziz N"]
[Black "Al-Kuwari, Hamad"]
[Result "0-1"]
[BlackTitle "CM"]
[WhiteElo "1972"]
[BlackElo "1809"]
[WhiteFideId "21525919"]
[BlackFideId "12102679"]
[EventDate "2025.12.29"]

1. c4 e6 2. Nf3 d5 3. g3 Nf6 4. Bg2 Be7 5. O-O O-O 6. b3 c6 7. Bb2 Nbd7 8. d3
Qc7 9. Nbd2 e5 10. cxd5 cxd5 11. Rc1 Qd6 12. a3 Re8 13. e4 dxe4 14. dxe4 Bf8 15.
Qe2 Nc5 16. Nc4 Qd3 17. Qxd3 Nxd3 18. Rc2 Nxb2 19. Rxb2 Nd7 20. b4 b5 21. Na5
Nb6 22. Rd1 Bg4 23. h3 Bxf3 24. Bxf3 Nc4 25. Nxc4 bxc4 26. Rc2 Rec8 27. Rdc1 a5
28. Rxc4 Rxc4 29. Rxc4 axb4 30. axb4 Rb8 31. Be2 Rxb4 32. Rc7 Rb6 33. Bc4 Rf6
34. Kg2 g6 35. Kf1 Bb4 36. Ke2 Ba5 37. Ra7 Bb6 38. Ra8+ Kg7 39. f3 Rc6 40. Bd5
Rc7 41. Ra6 Bd4 42. Ra8 Rc2+ 43. Kf1 Rf2+ 44. Ke1 Rxf3 45. Rb8 Rxg3 46. Ke2 Rxh3
47. Rb7 Rh2+ 48. Kd3 Rf2 49. Kc4 h5 50. Rb1 h4 51. Rh1 Rf4 52. Kb5 g5 0-1

[Event "World Blitz 2025"]
[Site "Doha QAT"]
[Date "2025.12.29"]
[Round "10.126"]
[White "Fates, Omer Salah"]
[Black "Blackwood, Ryan"]
[Result "0-1"]
[WhiteElo "2079"]
[BlackElo "1945"]
[WhiteFideId "9212035"]
[BlackFideId "7400640"]
[EventDate "2025.12.29"]

1. e4 d5 2. exd5 Qxd5 3. Nc3 Qa5 4. d4 Nf6 5. Nf3 c6 6. Bc4 Bg4 7. h3 Qh5 8. Bf4
e6 9. Be2 Nbd7 10. Qd2 Bb4 11. O-O-O Bxf3 12. Bxf3 Qa5 13. Kb1 Nd5 14. Bxd5 cxd5
15. Rhe1 Rc8 16. Re3 Nf6 17. Qe2 Bxc3 18. Rxc3 Rxc3 19. bxc3 Ne4 20. Bd2 Qxc3
21. Qxe4 Qxd2 22. Qxe6+ fxe6 23. Rxd2 Kd7 24. Kb2 Rf8 25. Kb3 Rf4 26. c3 Re4 27.
Kb4 Re1 28. Rb2 Kc6 29. a4 b6 30. Kb3 a6 31. Kc2 Re2+ 32. Kb3 Rxb2+ 33. Kxb2 b5
34. Ka3 a5 35. Kb3 Kb6 36. f4 g6 37. g4 Ka6 38. h4 Kb6 39. Ka3 Ka6 40. Kb3 Kb6
41. Ka3 h5 42. gxh5 gxh5 43. Kb3 bxa4+ 44. Kxa4 Ka6 45. c4 dxc4 46. d5 exd5 47.
f5 d4 48. f6 d3 49. f7 d2 50. Ka3 d1=Q 51. Ka2 Qb3+ 0-1

[Event "World Blitz 2025"]
[Site "Doha QAT"]
[Date "2025.12.29"]
[Round "11.1"]
[White "Carlsen, Magnus"]
[Black "Murzin, Volodar"]
[Result "1-0"]
[WhiteTitle "GM"]
[BlackTitle "GM"]
[WhiteElo "2840"]
[BlackElo "2648"]
[WhiteFideId "1503014"]
[BlackFideId "44155573"]
[EventDate "2025.12.29"]

1. e4 c5 2. Nf3 d6 3. Bc4 Nc6 4. O-O Nf6 5. d3 e6 6. a4 Be7 7. Bb3 O-O 8. c3 a6
9. Re1 Rb8 10. d4 b5 11. axb5 axb5 12. Nbd2 Bb7 13. Nf1 d5 14. exd5 Nxd5 15.
dxc5 Bxc5 16. Bxd5 Qxd5 17. Qxd5 exd5 18. Be3 Be7 19. Ba7 Nxa7 20. Rxe7 Nc6 21.
Rc7 Rfc8 22. Rxc8+ Bxc8 23. Ne3 Be6 24. b4 h6 25. Kf1 Rd8 26. Nd4 Nxd4 27. cxd4
Rc8 28. Ke2 Rc3 29. Kd2 Rb3 30. Kc2 Rxb4 31. Kc3 Ra4 32. Rxa4 bxa4 33. Kb4 Bd7
34. Nxd5 Bc6 35. Ne7+ 1-0

[Event "World Blitz 2025"]
[Site "Doha QAT"]
[Date "2025.12.29"]
[Round "11.3"]
[White "Vachier-Lagrave, Maxime"]
[Black "Abdusattorov, Nodirbek"]
[Result "1-0"]
[WhiteTitle "GM"]
[BlackTitle "GM"]
[WhiteElo "2734"]
[BlackElo "2732"]
[WhiteFideId "623539"]
[BlackFideId "14204118"]
[EventDate "2025.12.29"]

1. e4 e5 2. Nf3 Nc6 3. Bb5 a6 4. Ba4 Nf6 5. O-O Bc5 6. c3 b5 7. Bc2 d6 8. d4 Ba7
9. a4 Bg4 10. axb5 axb5 11. Be3 O-O 12. Na3 b4 13. Nc4 bxc3 14. bxc3 exd4 15.
cxd4 d5 16. Nce5 Bxf3 17. gxf3 Nb4 18. Kh1 Bb6 19. Rxa8 Qxa8 20. Bg5 Nxc2 21.
Qxc2 dxe4 22. Bxf6 gxf6 23. Nd7 Rd8 24. Rg1+ Kh8 25. Nxf6 Bxd4 26. Nxe4 Rg8 27.
Rxg8+ Qxg8 28. Qxc7 Qf8 29. Ng5 Kg8 30. Qc2 Qg7 31. Qc8+ Qf8 32. Qf5 Qg7 33. Ne4
h6 34. h4 Qg6 35. Qd5 Bg7 36. h5 Qe6 37. Qd8+ Kh7 38. Kg2 Qf5 39. Qh4 Be5 40.
Qg4 Qf4 41. Ng3 Qf6 42. Nf5 Bb2 43. Kf1 Ba3 44. Qe4 Kg8 45. f4 Bf8 46. Kg2 Kh8
47. Qe5 Bg7 48. Qxf6 Bxf6 49. Nxh6 Kg7 50. Ng4 Bd4 51. f5 Bc3 52. Kf3 Bd2 53.
Ke4 Bg5 54. Ke5 Bd8 55. f6+ Kf8 56. Kd6 Ba5 57. Kd7 Bd2 58. h6 Kg8 59. Ke8 Bg5
60. h7+ Kxh7 61. Kxf7 Bc1 62. Ke8 Ba3 63. f7 Kg7 64. Ne3 Bc5 65. Nd5 1-0

[Event "World Blitz 2025"]
[Site "Doha QAT"]
[Date "2025.12.29"]
[Round "11.4"]
[White "Lu, Shanglei"]
[Black "Dubov, Daniil"]
[Result "0-1"]
[WhiteTitle "GM"]
[BlackTitle "GM"]
[WhiteElo "2643"]
[BlackElo "2672"]
[WhiteFideId "8603332"]
[BlackFideId "24126055"]
[EventDate "2025.12.29"]

1. e4 c5 2. Nf3 d6 3. d4 cxd4 4. Nxd4 Nf6 5. f3 Nc6 6. Nc3 g6 7. Be3 h5 8. Bc4
Bd7 9. Bb3 Na5 10. Qd2 Bg7 11. O-O-O Nxb3+ 12. cxb3 Qb8 13. Kb1 b5 14. Bg5 b4
15. Nd5 Nxd5 16. exd5 Qb7 17. Rhe1 O-O 18. Rxe7 Rfe8 19. Nc6 Rxe7 20. Nxe7+ Kh7
21. Qf4 f6 22. Qxd6 Rd8 23. Ka1 Rf8 24. Bd2 a5 25. Qg3 Be8 26. d6 Bf7 27. Qf4
Qd7 28. Be3 a4 29. Qxb4 axb3 30. a3 Rd8 31. Nd5 Qxd6 32. Qxd6 Rxd6 33. Nc3 Re6
34. Bd2 g5 35. Kb1 Bg6+ 36. Kc1 Bf8 37. Re1 Rc6 38. h3 h4 39. Rd1 Bc2 40. Re1
Bd3 41. Be3 Rxc3+ 42. bxc3 Bxa3+ 43. Kd2 Bf5 44. Bd4 b2 45. Bxf6 Kg6 46. Bd8
b1=Q 47. Rxb1 Bxb1 48. Bc7 Kf5 49. Ke3 Bc5+ 50. Ke2 Bc2 51. g3 hxg3 52. Bxg3 Be7
53. Ke3 Ba4 54. c4 Bc5+ 55. Ke2 Be7 56. Ke3 Bc6 57. Ke2 Bd7 58. Kf2 Bc5+ 59. Kg2
Be7 60. Kf2 Be6 61. Kg2 Bxc4 0-1

[Event "World Blitz 2025"]
[Site "Doha QAT"]
[Date "2025.12.29"]
[Round "11.5"]
[White "Narayanan, S.L."]
[Black "Bu, Xiangzhi"]
[Result "1/2-1/2"]
[WhiteTitle "GM"]
[BlackTitle "GM"]
[WhiteElo "2616"]
[BlackElo "2665"]
[WhiteFideId "5058422"]
[BlackFideId "8601445"]
[EventDate "2025.12.29"]

1. d4 d5 2. c4 c6 3. Nf3 Nf6 4. e3 Bf5 5. Nh4 Bg6 6. Nxg6 hxg6 7. Nd2 e6 8. g3
Nbd7 9. Bg2 Bd6 10. O-O O-O 11. b3 Re8 12. Bb2 Qe7 13. a3 e5 14. cxd5 cxd5 15.
dxe5 Bxe5 16. Bxe5 Nxe5 17. Nf3 Rac8 18. Qd4 Nc6 19. Qb2 Ne5 20. Nxe5 Qxe5 21.
Qxe5 Rxe5 22. Rac1 Rxc1 23. Rxc1 Kf8 24. h4 Re6 25. Rc5 Ra6 26. Rc8+ Ke7 27.
Rc7+ Kf8 28. Rxb7 Rxa3 29. Bf3 a5 30. g4 a4 31. bxa4 Rxa4 32. g5 Ne4 33. Rd7
Ra1+ 34. Kg2 Ra2 35. Bxe4 dxe4 36. Rd4 f5 37. gxf6 gxf6 38. Rxe4 Kf7 39. Rb4 Ra5
40. Kg3 Ra1 41. Rb7+ Kf8 42. Kg2 Ra4 43. f4 Ra2+ 44. Kg3 Re2 45. Kf3 Rh2 46. Ke4
Rxh4 47. Kd5 Rh3 48. Ke6 Rxe3+ 49. Kxf6 Kg8 50. Rg7+ Kf8 51. Rxg6 Ra3 52. Kg5
Kf7 53. Rb6 Ra7 54. f5 Rc7 55. Rh6 Kg7 56. f6+ Kg8 57. Kg6 Rg7+ 58. fxg7 1/2-1/2

[Event "World Blitz 2025"]
[Site "Doha QAT"]
[Date "2025.12.29"]
[Round "11.6"]
[White "Van Foreest, Jorden"]
[Black "Yu, Yangyi"]
[Result "0-1"]
[WhiteTitle "GM"]
[BlackTitle "GM"]
[WhiteElo "2692"]
[BlackElo "2717"]
[WhiteFideId "1039784"]
[BlackFideId "8603820"]
[EventDate "2025.12.29"]

1. e4 e5 2. Nf3 Nc6 3. d3 Nf6 4. Be2 d5 5. Nbd2 Bc5 6. c3 a5 7. O-O O-O 8. h3 h6
9. Re1 Re8 10. exd5 Qxd5 11. Bf1 Bf5 12. Nc4 e4 13. dxe4 Bxe4 14. Bf4 Rad8 15.
Bxc7 Bxf2+ 16. Kxf2 Qc5+ 17. Nd4 Nxd4 18. Bxd8 Ne6+ 19. Re3 Rxd8 20. Qe1 Nf4 21.
Rd1 Bd3 22. Kg3 Qxc4 23. b3 Qc7 24. Kh2 0-1

[Event "World Blitz 2025"]
[Site "Doha QAT"]
[Date "2025.12.29"]
[Round "11.7"]
[White "Firouzja, Alireza"]
[Black "Robson, Ray"]
[Result "1-0"]
[WhiteTitle "GM"]
[BlackTitle "GM"]
[WhiteElo "2762"]
[BlackElo "2650"]
[WhiteFideId "12573981"]
[BlackFideId "2023970"]
[EventDate "2025.12.29"]

1. e4 e5 2. Nf3 Nc6 3. Bc4 Nf6 4. d3 Bc5 5. c3 d6 6. Bg5 h6 7. Bh4 a5 8. Nbd2
Ba7 9. a4 Qe7 10. O-O g5 11. Bg3 Nd7 12. Bb5 h5 13. h4 g4 14. Ne1 Nf8 15. d4 Ng6
16. Nd3 Nxh4 17. dxe5 Ng6 18. exd6 Qg5 19. dxc7 h4 20. Bd6 g3 21. Nf3 Qg4 22.
Nde5 gxf2+ 23. Kh1 h3 24. Nxg4 hxg2+ 25. Kxg2 Bxg4 26. Rxf2 Nh4+ 27. Kg3 Rg8 28.
Kxh4 Bxf2+ 29. Bg3 Bxf3 30. Qxf3 Bxg3+ 31. Qxg3 Rxg3 32. Kxg3 Kd7 33. Rf1 Rf8
34. Rf5 Kxc7 35. Bxc6 Kxc6 36. Rxa5 Rd8 37. Rf5 Rd2 38. Rf2 Rd3+ 39. Kg4 Re3 40.
Kf5 Kc5 41. Rd2 b6 42. Rd5+ Kc6 43. Rd4 Re2 44. Rb4 Rf2+ 45. Ke5 Kc5 46. Rb5+
Kc6 47. Kd4 Rd2+ 48. Ke3 Rh2 49. b3 Rh3+ 50. Kd4 Rh2 51. Rf5 Rd2+ 52. Kc4 Re2
53. Rf6+ 1-0

[Event "World Blitz 2025"]
[Site "Doha QAT"]
[Date "2025.12.29"]
[Round "11.8"]
[White "Radjabov, Teimour"]
[Black "So, Wesley"]
[Result "1/2-1/2"]
[WhiteTitle "GM"]
[BlackTitle "GM"]
[WhiteElo "2692"]
[BlackElo "2753"]
[WhiteFideId "13400924"]
[BlackFideId "5202213"]
[EventDate "2025.12.29"]

1. e4 c5 2. Nf3 d6 3. Bb5+ Nd7 4. c3 Nf6 5. Qe2 a6 6. Ba4 b5 7. Bc2 Bb7 8. O-O
e6 9. d4 Be7 10. Re1 Qc7 11. Bd3 O-O 12. Nbd2 Rfc8 13. Nf1 b4 14. Ng3 a5 15. h3
a4 16. cxb4 cxd4 17. Nxd4 Qb6 18. Nb5 Ne5 19. Be3 Qa6 20. Rad1 Nxd3 21. Qxd3
Nxe4 22. Nxe4 Bxe4 23. Qxe4 Qxb5 24. a3 d5 25. Qf3 Bf6 26. Bd4 Bxd4 27. Rxd4 Rc4
28. Rxc4 Qxc4 29. Qc3 Qxc3 30. bxc3 Rc8 31. Re3 Kf8 32. Kf1 Ke7 33. Ke2 h5 34.
h4 Rc4 35. g3 Kd6 36. Kd2 f6 37. Rf3 Ke7 38. Rd3 Kd6 39. Rf3 Re4 40. Re3 Rc4 1/2-1/2

[Event "World Blitz 2025"]
[Site "Doha QAT"]
[Date "2025.12.29"]
[Round "11.9"]
[White "Sindarov, Javokhir"]
[Black "Aronian, Levon"]
[Result "1/2-1/2"]
[WhiteTitle "GM"]
[BlackTitle "GM"]
[WhiteElo "2726"]
[BlackElo "2729"]
[WhiteFideId "14205483"]
[BlackFideId "13300474"]
[EventDate "2025.12.29"]

1. e4 e6 2. Nf3 d5 3. Nc3 Nf6 4. e5 Nfd7 5. d4 c5 6. Ne2 Nc6 7. c3 Be7 8. h4 Qb6
9. a3 O-O 10. Nf4 cxd4 11. cxd4 f6 12. Nxe6 Rf7 13. Be3 fxe5 14. Neg5 exd4 15.
Nxd4 Bxg5 16. hxg5 Nde5 17. Nxc6 Qxc6 18. Rc1 Qd6 19. Be2 Bf5 20. Qd4 Nc6 21.
Qc5 Rd8 22. Qxd6 Rxd6 23. O-O Be6 24. Rfd1 d4 25. Bf3 Bd5 26. Bxd5 Rxd5 27. Bd2
a5 28. Re1 Re7 29. Rxe7 Nxe7 30. Rc7 Nc6 31. Rxb7 Ne5 32. Kf1 Nc4 33. Ke2 d3+
34. Kd1 Re5 35. Bc3 Re2 36. Rxg7+ Kf8 37. Rd7 Rxf2 38. Rxd3 Nxb2+ 39. Bxb2 Rxb2
40. Rd5 a4 41. Ra5 1/2-1/2

[Event "World Blitz 2025"]
[Site "Doha QAT"]
[Date "2025.12.29"]
[Round "11.10"]
[White "Moussard, Jules"]
[Black "Duda, Jan-Krzysztof"]
[Result "1/2-1/2"]
[WhiteTitle "GM"]
[BlackTitle "GM"]
[WhiteElo "2600"]
[BlackElo "2729"]
[WhiteFideId "642908"]
[BlackFideId "1170546"]
[EventDate "2025.12.29"]

1. Nf3 Nf6 2. b3 g6 3. Bb2 Bg7 4. g3 b6 5. Bg2 Bb7 6. O-O c5 7. c4 O-O 8. d4
cxd4 9. Qxd4 d6 10. Nc3 Nbd7 11. Rfd1 Rc8 12. Ne1 Ne4 13. Qe3 Nxc3 14. Bxc3 Bxc3
15. Bxb7 Bxa1 16. Bxc8 Bf6 17. Bb7 Qc7 18. Bg2 a6 19. Nd3 Nc5 20. Nf4 e6 21. h4
b5 22. Rc1 Qa5 23. cxb5 axb5 24. Rc2 b4 25. Nd3 Nxd3 26. Qxd3 d5 27. e3 h5 28.
Bf3 Kg7 29. Kg2 Rd8 30. Be2 Qa8 31. Qb5 Bc3 32. Bf3 Rb8 33. Qd3 Qa3 34. Qd1 Ra8
35. Qd3 Kg8 36. Qd1 Kg7 37. Qd3 Kg8 1/2-1/2